[Event "10th EICC"]
[Site "Budva MNE"]
[Date "2009.03.09"]
[Round "4"]
[White "Kanceljak,D"]
[Black "Zdravkovic,DS"]
[Result "1/2-1/2"]
[WhiteElo "1917"]
[BlackElo "2130"]
[EventDate "2009.03.06"]

1. e4 e5 2. Nf3 Nc6 3. Bb5 a6 4. Ba4 Nf6 5. d3 b5 6. Bb3 d6 7. c3 Be7 8. h3
h6 9. O-O Na5 10. Bc2 c5 11. d4 Qc7 12. d5 c4 13. a4 Bd7 14. axb5 Bxb5 15.
Re1 O-O 16. Nbd2 Nb7 17. Nf1 Nc5 18. Ng3 Bd7 19. Nd2 Nb7 20. Qf3 Kh7 21.
Nf5 Bd8 22. Nf1 Rg8 23. h4 h5 24. Nh2 g6 25. Qe3 Kh8 26. Nh6 Rg7 27. Qf3
Be8 28. Bg5 Ng8 29. Nxg8 Kxg8 30. Bf6 Bxf6 31. Qxf6 Qd8 32. Qxd8 Nxd8 33.
Ba4 Bxa4 34. Rxa4 f6 35. Rxc4 Rb7 36. Rb1 Kf7 37. Nf3 Ke7 38. Ne1 Kd7 39.
Nd3 a5 40. Ra1 Rba7 41. Rca4 Nb7 42. b4 Kc7 43. b5 Kb6 44. Rb1 Rc8 45. c4
Nd8 46. Kf1 Rac7 47. Nb2 Nb7 48. Rba1 Ra8 49. R4a2 Nc5 50. Na4+ Nxa4 51.
Rxa4 Rf7 52. Ke2 g5 53. hxg5 fxg5 54. Rh1 h4 55. g3 Rh7 56. gxh4 gxh4 57.
Ra3 Kc5 58. Ra4 h3 59. Rh2 Rh6 60. Kd3 Rh4 61. Ra1 a4 62. Rb1 Rb8 63. Ra1
Kb4 64. f3 a3 65. Rb1+ Kc5 66. Kc3 Rf8 67. Rf2 Rb8 68. Kb3 h2 69. Rh1 Ra8
70. Rhxh2 Rf4 71. Rh3 Raf8 72. Kxa3 Kxc4 73. b6 Ra8+ 74. Kb2 Rb8 75. Rc2+
Kb5 76. Rc6 Rxb6 77. Rxb6+ Kxb6 78. Kc3 Kc5 79. Kd3 Rf8 80. Ke3 Ra8 81. Rh7
Ra3+ 82. Kf2 Kd4 83. Rd7 Ra2+ 84. Kg3 Ra6 85. Rc7 Ra8 86. Rf7 Ke3 87. Kg4
Rg8+ 88. Kh3 Rg6 89. Rf5 Rh6+ 90. Kg4 Rg6+ 91. Rg5 Rh6 92. Rf5 Rg6+ 93. Kh5
Rg8 94. Rf6 Rh8+ 95. Kg5 Rg8+ 96. Kh4 Rd8 97. Kh5 Rg8 98. Kh4 Ke2 99. f4
exf4 100. Rxf4 Ke3 101. Rf6 Rd8 102. Re6 Kf4 103. Kh5 Rg8 104. Kh6 Ke3 105.
Kh7 Rg4 106. e5 dxe5 107. d6 Rd4 108. Rxe5+ Kf4 109. Re6 Kf5 110. Rg6 Ke5
1/2-1/2

[Event "10th EICC"]
[Site "Budva MNE"]
[Date "2009.03.09"]
[Round "4"]
[White "Filipovic,Mi"]
[Black "Kopischke,M"]
[Result "1-0"]
[WhiteElo "2121"]
[BlackElo "1910"]
[EventDate "2009.03.06"]

1. e4 d6 2. d4 Nf6 3. Nc3 g6 4. Bg5 Bg7 5. e5 Nfd7 6. exd6 cxd6 7. Qd2 Nf6
8. O-O-O Bf5 9. Bb5+ Nbd7 10. Nf3 O-O 11. Nh4 Be4 12. d5 Bf5 13. Nxf5 gxf5
14. Bh6 Ne5 15. Qg5 Ng6 16. Bxg7 Kxg7 17. Qxf5 a6 18. Be2 b5 19. h4 Rg8 20.
h5 Ne5 21. Ne4 Nxd5 22. Rxd5 e6 23. Qxe5+ dxe5 24. Rxd8 Raxd8 25. Rd1 Rxd1+
26. Bxd1 Rd8 27. c3 Rc8 28. b4 f5 29. Nc5 Rc6 30. Kb2 Rd6 31. Kc2 Kf6 32.
a4 bxa4 33. Nxa4 a5 34. bxa5 Rd5 35. a6 Ra5 36. Kb3 e4 37. Kb4 Rd5 38. a7
1-0

[Event "10th EICC"]
[Site "Budva MNE"]
[Date "2009.03.09"]
[Round "4"]
[White "Gagic,M"]
[Black "Berke,A"]
[Result "0-1"]
[WhiteElo "1880"]
[BlackElo "2081"]
[EventDate "2009.03.06"]

1. c3 c5 2. d4 Nf6 3. Nf3 b6 4. Bf4 Bb7 5. Nbd2 d6 6. e3 g6 7. Bd3 Bg7 8.
O-O O-O 9. h3 Nc6 10. Qe2 Re8 11. Bb5 a6 12. Bxc6 Bxc6 13. Rfe1 Ne4 14.
Nxe4 Bxe4 15. Rad1 Qc7 16. Nd2 Bb7 17. dxc5 bxc5 18. e4 Qc6 19. f3 a5 20.
Nf1 Ba6 21. Qd2 Bxf1 22. Kxf1 Qb5+ 23. Kf2 Rab8 24. Rb1 Qc4 25. a3 Rb6 26.
e5 d5 27. Bg3 e6 28. Rbc1 Qb3 29. Re2 Reb8 30. Rc2 Rd8 31. Bh4 Rd7 32. Bf6
Qa4 33. g3 Rb8 34. h4 d4 35. cxd4 Qxd4+ 36. Qxd4 cxd4 37. Red2 Rd5 38. Bxg7
Kxg7 39. f4 Rb7 40. Ke2 f6 41. exf6+ Kxf6 42. Kf2 Kf5 43. Rc4 Rb3 44. Rc7
Kg4 45. Rxh7 Rf3+ 46. Ke1 Rxg3 47. Rh6 Kxf4 48. Rf2+ Ke4 49. h5 gxh5 50.
Re2+ Re3 51. Rxe3+ dxe3 52. Ke2 Kf4 53. Rf6+ Ke5 54. Rh6 Kf4 55. Rf6+ Kg3
56. Rxe6 Rd2+ 57. Kxe3 Rxb2 58. Re5 h4 59. Rg5+ Kh2 60. Rxa5 h3 61. Rg5 Kh1
62. a4 Rg2 63. Rh5 h2 64. Kd4 Rg4+ 65. Ke3 0-1